000 00635nam a22001817a 4500
999 _c184281
_d184281
005 20220307145837.0
010 _aENG-131181
020 _a978-93-53500-93-1
_c370.00
035 _aEN-114713
037 _bDBAD
082 _a384.3
100 _aDubey, Rahul
245 _aAn Introuduction to Internet of Things:
_cRahul Dubey
_bConnecting Devices, Edge Gateway, and Cloud with Applications/
260 _aDelhi
_bCengage Learning India Private Limited
_c2019
270 _bDelhi
_aT-303, 3rd Floor, DAV Complex, Plot 3, Mayur Vihar Phase 1
_e110091
300 _a440p.
_c25cm(pbk)
942 _2ddc
_cEN
_h384.3
_mDUB